00383pab a2200145 454500008004000000100002200040245005500062260000900117300001200126362000800138650002400146650001200170650002000182773003500202180718b1999 xxu||||| |||| 00| 0 eng d aCesaratto, Sergio aSavings and economic growth in neoclassical theory c1999 ap.77-93 aNov aNeoclassical theory aSavings aEconomic growth aCambridge Journal of Economics